Anais do III congreso sul-Riograndense de historia e geografia. (Registro nro. 41874)
[ vista simple ]
| 000 -LEADER | |
|---|---|
| campo de control de longitud fija | 01319cam a22002774i 4500 |
| 003 - IDENTIFICADOR DE NÚMERO DE CONTROL | |
| campo de control | PE-LiUPU |
| 005 - FECHA Y HORA DE LA ÚLTIMA TRANSACCIÓN | |
| campo de control | 20220706100159.0 |
| 008 - DATOS DE LONGITUD FIJA--INFORMACIÓN GENERAL | |
| campo de control de longitud fija | 150625s r 000 0 d |
| 035 ## - NÚMERO DE CONTROL DEL SISTEMA | |
| Número de control de sistema | (Sirsi) a34059 |
| 040 ## - FUENTE DE CATALOGACIÓN | |
| Centro catalogador/agencia de origen | PE-LiUPU |
| Lengua de catalogación | spa |
| Centro/agencia transcriptor | PE-LiUPU |
| Normas de descripción | rda |
| 082 04 - NÚMERO DE LA CLASIFICACIÓN DECIMAL DEWEY | |
| Número de clasificación | 911.816 |
| Cutter | P85 |
| Número de edición | 21 |
| 111 2# - ENTRADA PRINCIPAL--NOMBRE DE CONGRESO/REUNIÓN | |
| Nombre de congreso/reunión o jurisdicción como elemento de entrada | Congreso sul-riograndense de historia e geografia |
| Número del congreso/reunión o número de parte o sección | 3 |
| Sede del congreso/Lugar de la reunión | Prefeitura municipal de Porto Alegre |
| 245 10 - MENCIÓN DEL TÍTULO | |
| Título | Anais do III congreso sul-Riograndense de historia e geografia. |
| Número de parte o sección de la obra | 2. |
| 264 #1 - PRODUCCIÓN, PUBLICACIÓN, DISTRIBUCIÓN, FABRICACIÓN Y COPYRIGHT | |
| Producción, publicación, distribución, fabricación y copyright | Porto alegre, Brazil : |
| Nombre del de productor, editor, distribuidor, fabricante | Prefeitura municipal, |
| Fecha de producción, publicación, distribución, fabricación o copyright | 1940. |
| 300 ## - DESCRIPCIÓN FÍSICA | |
| Extensión | 1024 páginas : |
| Otras características físicas | ilustraciones, fotos, mapas ; |
| Dimensiones | 20 cm. |
| 336 ## - TIPO DE CONTENIDO | |
| Término de tipo de contenido | text |
| Fuente | rdacontent |
| 337 ## - TIPO DE MEDIO | |
| Nombre/término del tipo de medio | unmediated |
| Fuente | rdamedia |
| 338 ## - TIPO DE SOPORTE | |
| Nombre/término del tipo de soporte | volume |
| Fuente | rdacarrier |
| 505 0# - NOTA DE CONTENIDO CON FORMATO | |
| Nota de contenido con formato | Servicio de arquivo historico de estado. - diretoria do arquivo e biblioteca da prefeitura municipal de porto-alegre. |
| 596 ## - | |
| -- | 1 |
| 611 ## - PUNTO DE ACCESO ADICIONAL DE MATERIA--NOMBRE DE REUNIÓN/CONGRESO | |
| Nombre de congreso/reunión o jurisdicción como elemento de entrada | Congreso sul-riograndense de historia e geografia |
| Número del congreso/reunión o número de parte o sección | 3 |
| Sede del congreso/Lugar de la reunión | Prefeitura municipal de Porto Alegre. |
| 910 ## - DATOS DE OPCIÓN DEL USUARIO (OCLC) | |
| Datos de opción del usuario | |
| 942 ## - ELEMENTOS DE ENTRADA SECUNDARIOS (KOHA) | |
| Fuente del sistema de clasificación o colocación | Clasificación Decimal Dewey |
| Tipo de ítem Koha | |
| 949 ## - PROCESAMIENTO DE INFORMACIÓN LOCAL (OCLC) | |
| a | 911.816 P85 2 |
| w | DEWEY |
| c | 1 |
| i | 14179 |
| l | CCODEBUL1 |
| m | BUL |
| p | 00.00 |
| r | 0 |
| s | Y |
| t | BOOK |
| u | 2015-06-25 |
| x | BIBLIOTECA |
| z | UNKNOWN |
| 0 | COMPRA |
| o | .STAFF. Colección General |
| 999 ## - NÚMEROS DE CONTROL DE SISTEMA (KOHA) | |
| -- | DEWEY |
| -- | 14179 |
| -- | 2021-11-8 |
| -- | 5 |
| -- | CCODEBUL1 |
| -- | BUL |
| -- | 0 |
| -- | Y |
| -- | BOOK |
| -- | 2015-6-25 |
| -- | BIBLIOTECA |
| -- | UNKNOWN |
| -- | COMPRA |
| -- | .STAFF. Colección General |
No hay ítems disponibles.